Alternative Country Names - Statistics

General Stats
  • This quiz has been taken 1,132 times
  • The average score is 16 of 35
Answer Stats
Alternative Name Common Country Name % Correct
Persia Iran
88%
The States United States
88%
Latvija Latvia
86%
Norge Norway
86%
Espanya Spain
84%
East Bengal Bangladesh
82%
Aegyptus Egypt
79%
Zaire DR Congo
72%
Nippon Japan
71%
Dutch Guiana Suriname
70%
Qazaqstan Kazakhstan
69%
Ceylon Sri Lanka
68%
British Honduras Belize
65%
Northern Rhodesia Zambia
60%
Gaule France
57%
Magyarorszag Hungary
56%
Hrvatska Croatia
50%
Abyssinia Ethiopia
49%
Svitjod Sweden
39%
Aotearoa New Zealand
35%
Xamayca Jamaica
32%
Belau Palau
31%
Crna Gora Montenegro
25%
Dahomey Benin
24%
Bechuanaland Botswana
23%
Nyasaland Malawi
23%
Rzeczpospolita Poland
22%
New Hebrides Vanuatu
14%
Hayastan Armenia
13%
Annam Vietnam
12%
Jiaozhi Vietnam
10%
Iberia Georgia
7%
Nusantara Indonesia
7%
Habeshastan Ethiopia
5%
Usona United States
5%
No matching quizzes found
Score Distribution
Percent of People with Each Score
Percentile by Number Answered
Your Score History
You have not taken this quiz